Spa secrets for body and soul

Bibliographic Details
Other Authors: Elisabeth Wilson
Format: Book
Published: United Kingdom : The Infinite Ideas Company Limited , 2009
Subjects:

MARC

LEADER 00000cam a2200000 7i4500
001 0000129708
005 20090804.0
020 |a 9781905940950 
090 0 0 |a 613.122   |b SPA 
245 1 0 |a Spa secrets for body and soul   |c editor Champneys with Elisabeth Wilson 
260 |a United Kingdom :   |b The Infinite Ideas Company Limited ,   |c 2009 
300 |a 307p. ;   |c 25cm. 
610 0 0 |a Champneys Health Resorts 
650 0 0 |a Beauty, Personal 
650 0 0 |a Physiological   |x Health resorts 
650 0 0 |a Therapeutics   |x Physiological 
700 1 |a Elisabeth Wilson 
999 |a 00224029   |b BUKU   |c PINJAMAN   |e PERPUSTAKAAN KOMUNITI PETALING JAYA